[Event "Landsturneringen NM i sjakk 2013"]
[Site "Radisson Blu Lillehammer Hotel"]
[Date "2013.06.29"]
[Round "8"]
[White "Sahl, Sheila Barth"]
[Black "Gulbrandsen, Tor"]
[Result "1/2-1/2"]
[WhiteElo "2185"]
[BlackElo "1958"]
[PlyCount "157"]
[EventDate "2013.??.??"]

1. e4 e6 2. d4 d5 3. Nd2 Nf6 4. e5 Nfd7 5. Bd3 c5 6. c3 Nc6 7. Ne2 cxd4 8. cxd4
Be7 9. Nf3 a6 10. O-O Nf8 11. a3 Ng6 12. Be3 Bd7 13. Rc1 Rc8 14. Qd2 O-O 15. b4
a5 16. b5 Bxa3 17. bxc6 Bxc1 18. Rxc1 Bxc6 19. Ra1 Ra8 20. Nc3 Qd7 21. Qb2 Rfc8
22. Nb5 Bxb5 23. Bxb5 Qc7 24. Ne1 Qc3 25. Qxc3 Rxc3 26. Bd2 Rb3 27. Ba4 Rb6 28.
Nd3 Ne7 29. Nc5 Nc6 30. Bc3 Nb8 31. f4 Kf8 32. Bd2 Ke7 33. Bc1 Kd8 34. Ba3 Nc6
35. Nxb7+ Kc7 36. Bxc6 Kxc6 37. Nc5 Rab8 38. Ra2 Rb1+ 39. Kf2 R8b5 40. Na4 R5b3
41. Rc2+ Kb7 42. Nc5+ Kb6 43. Nxb3 Rxb3 44. Rb2 Rxb2+ 45. Bxb2 Kb5 46. Ke2 Kc4
47. Kd2 Kb3 48. Bc3 a4 49. g4 h6 50. f5 g6 51. fxg6 fxg6 52. Kd3 h5 53. gxh5
gxh5 54. h4 a3 55. Kd2 Ka2 56. Bb4 Kb3 57. Bc3 Ka2 58. Kc1 Kb3 59. Ba1 Ka2 60.
Bc3 Kb3 61. Kd2 Ka2 62. Bb4 Kb3 63. Bxa3 Kxa3 64. Ke3 Kb4 65. Kf4 Kc4 66. Kg5
Kxd4 67. Kf6 Kc4 68. Kxe6 d4 69. Kf6 d3 70. e6 d2 71. e7 d1=Q 72. e8=Q Qg4 73.
Qe1 Qf4+ 74. Kg6 Qg4+ 75. Kh6 Qf4+ 76. Kg7 Qg4+ 77. Kf6 Qf4+ 78. Ke6 Qg4+ 79.
Kf6 1/2-1/2

[Event "Landsturneringen NM i sjakk 2013"]
[Site "Radisson Blu Lillehammer Hotel"]
[Date "2013.06.29"]
[Round "8"]
[White "Mihajlov, Sebastian"]
[Black "Myhrvold, Rune"]
[Result "1/2-1/2"]
[WhiteElo "2120"]
[BlackElo "2198"]
[PlyCount "21"]
[EventDate "2013.??.??"]

1. Nf3 d5 2. d4 Nf6 3. e3 e6 4. c4 dxc4 5. Bxc4 c5 6. Nc3 a6 7. a4 cxd4 8. exd4
Bb4 9. O-O O-O 10. Bg5 Nbd7 11. Qe2
1/2-1/2

[Event "Landsturneringen NM i sjakk 2013"]
[Site "Radisson Blu Lillehammer Hotel"]
[Date "2013.06.29"]
[Round "8"]
[White "Woldseth, Ole"]
[Black "Stray, Gunnar"]
[Result "1-0"]
[WhiteElo "1986"]
[BlackElo "2032"]
[PlyCount "97"]
[EventDate "2013.??.??"]

1. d4 d5 2. c4 dxc4 3. Nf3 Nf6 4. e3 Bg4 5. Bxc4 e6 6. Qb3 Bxf3 7. gxf3 Nbd7 8.
Bd2 Nb6 9. Be2 c5 10. Bc3 Rc8 11. Nd2 Nfd5 12. Bb5+ Nd7 13. Rg1 a6 14. Bc4 Nxc3
15. bxc3 Qb6 16. Qa4 Qc7 17. Qb3 Qb6 18. Ne4 Qxb3 19. axb3 Nb6 20. dxc5 Nxc4
21. bxc4 Bxc5 22. Rb1 g6 23. Rxb7 O-O 24. Ke2 Rfd8 25. Ra1 Rc6 26. Ng5 Rf8 27.
Rd1 h6 28. Ne4 Ba3 29. Ra1 Bd6 30. f4 Bc7 31. Ra4 f5 32. Nd2 e5 33. Nf3 Re8 34.
fxe5 Bxe5 35. Nd4 Rf6 36. c5 f4 37. Rb6 fxe3 38. Rxf6 Bxf6 39. fxe3 Bg5 40. Nc2
Re6 41. Rc4 Bd8 42. Nd4 Re7 43. Nc6 Rd7 44. Rd4 Rxd4 45. cxd4 Bc7 46. h3 Kf7
47. d5 Ke8 48. e4 a5 49. d6 1-0

[Event "Landsturneringen NM i sjakk 2013"]
[Site "Radisson Blu Lillehammer Hotel"]
[Date "2013.06.29"]
[Round "8"]
[White "Haanshuus, Aslak"]
[Black "Merkesvik, Sondre"]
[Result "1/2-1/2"]
[WhiteElo "2031"]
[BlackElo "1933"]
[PlyCount "111"]
[EventDate "2013.??.??"]

1. d4 Nf6 2. Nf3 g6 3. Nc3 d5 4. Bf4 Bg7 5. e3 O-O 6. Be2 c5 7. Ne5 Nc6 8. Qd2
cxd4 9. exd4 Qb6 10. O-O-O Ne4 11. Nxe4 dxe4 12. Qe3 Nxe5 13. Bxe5 Bxe5 14.
dxe5 Qc7 15. Rd4 Be6 16. Kb1 Rac8 17. Rc1 Qxe5 18. Rxe4 Qd5 19. b3 Rfd8 20. Bc4
Qd2 21. Rxe6 Rxc4 22. Rxe7 Qxe3 23. Rxe3 Rh4 24. h3 Rd2 25. Re8+ Kg7 26. Re7
Rxf2 27. Rxb7 a5 28. c4 Rxg2 29. Rf1 Rxh3 30. Rbxf7+ Kh6 31. R1f2 Rh1+ 32. Kb2
Rhh2 33. Rxg2 Rxg2+ 34. Kb1 Rg1+ 35. Kb2 Rg2+ 36. Kc3 Rxa2 37. c5 Ra1 38. Kc4
Rc1+ 39. Kb5 g5 40. c6 g4 41. Rf4 g3 42. Rg4 Rc3 43. Kxa5 Kh5 44. Rg8 Rxb3 45.
c7 Rc3 46. Kb6 Kh4 47. Rg7 h5 48. Rg6 Rxc7 49. Kxc7 Kh3 50. Kd6 h4 51. Ke5 Kh2
52. Kf4 g2 53. Kf3 h3 54. Kf2 Kh1 55. Rg3 h2 56. Rxg2 1/2-1/2

[Event "Landsturneringen NM i sjakk 2013"]
[Site "Radisson Blu Lillehammer Hotel"]
[Date "2013.06.29"]
[Round "8"]
[White "Aulin-Jansson, Jøran"]
[Black "Thanke, Bror"]
[Result "0-1"]
[WhiteElo "2188"]
[BlackElo "2106"]
[PlyCount "74"]
[EventDate "2013.??.??"]

1. d4 Nf6 2. Nf3 d6 3. c4 g6 4. Nc3 Bg7 5. e4 O-O 6. Be2 Nc6 7. d5 Nb8 8. O-O
e5 9. Ne1 Ne8 10. Nd3 Nd7 11. Be3 Qe7 12. b4 f5 13. f3 f4 14. Bf2 g5 15. Nb5 b6
16. c5 Ndf6 17. a4 g4 18. a5 bxc5 19. bxc5 a6 20. Na3 Qf7 21. Nc4 Qg6 22. cxd6
cxd6 23. Nb6 Rb8 24. Rc1 Bb7 25. fxg4 Rf7 26. Nb4 Nc7 27. Rc4 Nb5 28. Bf3 Re8
29. h3 Nd4 30. Re1 Nxf3+ 31. gxf3 h5 32. Qe2 hxg4 33. hxg4 Nxg4 34. Kh1 Qh5+
35. Kg1 Qh2+ 36. Kf1 Qh1+ 37. Bg1 Ne3+ 0-1

[Event "Landsturneringen NM i sjakk 2013"]
[Site "Radisson Blu Lillehammer Hotel"]
[Date "2013.06.29"]
[Round "9"]
[White "Thanke, Bror"]
[Black "Forså, Espen"]
[Result "1/2-1/2"]
[WhiteElo "2106"]
[BlackElo "2287"]
[PlyCount "51"]
[EventDate "2013.??.??"]

1. e4 c5 2. Nf3 e6 3. c3 Nf6 4. e5 Nd5 5. d4 cxd4 6. cxd4 d6 7. Nc3 dxe5 8.
Nxe5 Bb4 9. Bb5+ Bd7 10. Qf3 O-O 11. Nxd7 Nxd7 12. O-O N7f6 13. Rd1 Rc8 14. Ne4
Be7 15. Bd3 Qb6 16. Be3 Rfd8 17. h3 Rd7 18. b3 Qa5 19. Bd2 Qd8 20. Rac1 Rdc7
21. Rxc7 Rxc7 22. Bf4 Nxf4 23. Qxf4 Rd7 24. Ng5 Qc7 25. Bxh7+ Kf8 26. Qxc7
1/2-1/2

[Event "Landsturneringen NM i sjakk 2013"]
[Site "Radisson Blu Lillehammer Hotel"]
[Date "2013.06.29"]
[Round "9"]
[White "Johnsen, Kjell Magne"]
[Black "Andreassen, Arnold"]
[Result "1-0"]
[WhiteElo "2005"]
[BlackElo "1979"]
[PlyCount "63"]
[EventDate "2013.??.??"]

1. d4 Nf6 2. c4 g6 3. Nc3 d5 4. e3 Bg7 5. Qb3 dxc4 6. Bxc4 O-O 7. Nf3 Nfd7 8.
O-O Nc6 9. Be2 Nb6 10. Rd1 a5 11. Nb5 Be6 12. Qc2 Nb4 13. Qxc7 Bxa2 14. Bd2 Bb3
15. Rdc1 Na2 16. Qxd8 Rfxd8 17. Rc7 Nd5 18. Rxb7 e6 19. Nc3 Ndb4 20. Ng5 f6 21.
Nge4 Rdb8 22. Rxb8+ Rxb8 23. Nc5 a4 24. N3xa4 Bd5 25. b3 Bf8 26. Nd7 Ra8 27.
Nxf6+ Kf7 28. Nxd5 exd5 29. Bf3 Rb8 30. Kf1 Ke6 31. Ke2 Rc8 32. Bg4+ 1-0

[Event "Landsturneringen NM i sjakk 2013"]
[Site "Radisson Blu Lillehammer Hotel"]
[Date "2013.06.29"]
[Round "9"]
[White "Haanshuus, Aslak"]
[Black "Andersen, Per O"]
[Result "0-1"]
[WhiteElo "2031"]
[BlackElo "1945"]
[PlyCount "84"]
[EventDate "2013.??.??"]

1. d4 Nf6 2. Nf3 e6 3. e3 b6 4. Bd3 Bb7 5. O-O c5 6. b3 Be7 7. Bb2 O-O 8. Nbd2
d6 9. c4 Nbd7 10. Qe2 Re8 11. Rac1 a6 12. e4 cxd4 13. Nxd4 Nc5 14. Bb1 Qc7 15.
Rc3 Rad8 16. Rfc1 Qb8 17. Rh3 g6 18. N4f3 e5 19. Ne1 Ne6 20. Rhc3 Bc8 21. Nc2
Nf4 22. Qe1 b5 23. cxb5 d5 24. exd5 N6xd5 25. Rc6 Nd3 26. Qf1 Nxb2 27. Nc4 Nxc4
28. bxc4 Nf4 29. Ne3 axb5 30. cxb5 Bd7 31. a4 Ba3 32. R1c3 Bxc6 33. Rxc6 Rd6
34. Be4 Rxc6 35. Bxc6 Rd8 36. g3 Ne6 37. Qa1 Bc5 38. Ng4 Nd4 39. Nf6+ Kg7 40.
Nd7 Qd6 41. Nxc5 Qxc5 42. Bg2 Nb3 0-1

[Event "Landsturneringen NM i sjakk 2013"]
[Site "Radisson Blu Lillehammer Hotel"]
[Date "2013.06.29"]
[Round "9"]
[White "Madland, Kristoffer"]
[Black "Woldseth, Ole"]
[Result "1/2-1/2"]
[WhiteElo "2105"]
[BlackElo "1986"]
[PlyCount "63"]
[EventDate "2013.??.??"]

1. e4 c6 2. d4 d5 3. Nc3 g6 4. Nf3 Bg7 5. Be3 Bg4 6. Be2 Nf6 7. e5 Ne4 8. Nxe4
dxe4 9. Nd2 Bxe2 10. Qxe2 c5 11. Qb5+ Nd7 12. Nxe4 cxd4 13. Bxd4 O-O 14. O-O-O
Qc7 15. e6 Bh6+ 16. Kb1 fxe6 17. Bc3 Rad8 18. h4 Rf5 19. Qe2 Nf8 20. Rxd8 Qxd8
21. h5 Bg7 22. Bxg7 Kxg7 23. hxg6 hxg6 24. g4 Rd5 25. Nc3 Rd2 26. Qe5+ Kf7 27.
Qf4+ Kg7 28. Kc1 Rd4 29. Qe5+ Kf7 30. Rh3 Qd6 31. Rf3+ Kg8 32. Qxd6 1/2-1/2

[Event "Landsturneringen NM i sjakk 2013"]
[Site "Radisson Blu Lillehammer Hotel"]
[Date "2013.06.29"]
[Round "9"]
[White "Ulvin, Dag"]
[Black "Vea, Odin Blikra"]
[Result "0-1"]
[WhiteElo "2212"]
[BlackElo "2184"]
[PlyCount "56"]
[EventDate "2013.??.??"]

1. e4 c5 2. Nf3 Nc6 3. Bb5 Na5 4. O-O a6 5. Be2 Nf6 6. Nc3 d6 7. b3 b5 8. e5
dxe5 9. Nxe5 Bb7 10. Nxb5 e6 11. Nc3 Bd6 12. Nf3 Qc7 13. Bb2 Ng4 14. h3 h5 15.
Re1 Bh2+ 16. Kf1 Bg3 17. fxg3 Qxg3 18. Kg1 Qf2+ 19. Kh1 Qg3 20. Kg1 Nf2 21. Qc1
Nxh3+ 22. Kh1 Nf4 23. Bf1 Bxf3 24. gxf3 Rh6 25. Ne4 Qh4+ 26. Kg1 Rg6+ 27. Bg2
Rxg2+ 28. Kf1 Qh1# 0-1

[Event "Landsturneringen NM i sjakk 2013"]
[Site "Radisson Blu Lillehammer Hotel"]
[Date "2013.06.29"]
[Round "9"]
[White "Mihajlov, Sebastian"]
[Black "Mihajlov, Svetoslav"]
[Result "1-0"]
[WhiteElo "2120"]
[BlackElo "2026"]
[PlyCount "49"]
[EventDate "2013.??.??"]

1. d4 d5 2. c4 c6 3. Nf3 Nf6 4. Nc3 dxc4 5. a4 Bf5 6. Ne5 Nbd7 7. Nxc4 Qc7 8.
g3 e5 9. dxe5 Nxe5 10. Bf4 Nfd7 11. Bg2 g5 12. Nxe5 gxf4 13. Nxd7 O-O-O 14. Qd4
Qxd7 15. Qxf4 Bd6 16. Qc1 Kb8 17. O-O h5 18. Qe3 h4 19. Nb5 cxb5 20. axb5 Qe7
21. Qxa7+ Kc8 22. e4 Be6 23. e5 Bxe5 24. Rfc1+ Kd7 25. Bc6+ 1-0

[Event "Landsturneringen NM i sjakk 2013"]
[Site "Radisson Blu Lillehammer Hotel"]
[Date "2013.06.29"]
[Round "9"]
[White "Merkesvik, Sondre"]
[Black "Machlik, Monika"]
[Result "1-0"]
[WhiteElo "1933"]
[BlackElo "1933"]
[PlyCount "56"]
[EventDate "2013.??.??"]

1. Nf3 d5 2. g3 g6 3. Bg2 Bg7 4. d4 Nf6 5. c4 e6 6. O-O O-O 7. Nc3 Nbd7 8. Bf4
Re8 9. Nb5 Nh5 10. Nxc7 Nxf4 11. Nxe8 Nxg2 12. Nxg7 Kxg7 13. Kxg2 dxc4 14. d5
e5 15. e4 Qf6 16. Qe2 Nc5 17. Qxc4 b6 18. Qc3 Kg8 19. Rfe1 h6 20. Re3 Nd7 21.
Qc6 Rb8 22. Qxf6 Nxf6 23. Nxe5 Ba6 24. f3 Rc8 25. Rc3 Re8 26. Nc6 Nxd5 27. exd5
Re2+ 28. Kg1 Kg7 1-0

[Event "Landsturneringen NM i sjakk 2013"]
[Site "Radisson Blu Lillehammer Hotel"]
[Date "2013.06.29"]
[Round "9"]
[White "Martinsen, Stig K"]
[Black "Stray, Gunnar"]
[Result "1/2-1/2"]
[WhiteElo "2145"]
[BlackElo "2032"]
[PlyCount "30"]
[EventDate "2013.??.??"]

1. d4 d5 2. c4 dxc4 3. e4 e5 4. Nf3 exd4 5. Bxc4 Nc6 6. O-O Be6 7. Bb5 Bc5 8.
b4 Bb6 9. a4 a6 10. Bxc6+ bxc6 11. a5 Ba7 12. Bb2 Nf6 13. e5 Nd5 14. Bxd4 Nxb4
15. Bxa7 Qxd1 1/2-1/2

[Event "Landsturneringen NM i sjakk 2013"]
[Site "Radisson Blu Lillehammer Hotel"]
[Date "2013.06.29"]
[Round "9"]
[White "Pedersen, Øyvind"]
[Black "Johnsen, Øystein"]
[Result "1/2-1/2"]
[WhiteElo "1960"]
[BlackElo "2031"]
[PlyCount "103"]
[EventDate "2013.??.??"]

1. e4 c5 2. c3 Nf6 3. e5 Nd5 4. d4 cxd4 5. cxd4 d6 6. Bc4 e6 7. Nf3 Nc6 8. O-O
Be7 9. Nbd2 O-O 10. Ne4 dxe5 11. dxe5 Qc7 12. Bxd5 exd5 13. Nc3 Qa5 14. Nxd5
Rd8 15. Nxe7+ Nxe7 16. Qe2 Ng6 17. Bd2 Qb6 18. Bc3 Bf5 19. Rad1 h5 20. Rxd8+
Rxd8 21. Rd1 Bg4 22. h3 Be6 23. a3 Nf4 24. Rxd8+ Qxd8 25. Qd2 Qxd2 26. Bxd2 Nd3
27. Bc3 Kf8 28. Nd2 Bd5 29. g3 Ke7 30. Kf1 Kd7 31. Ke2 Nc1+ 32. Ke3 Nb3 33. Ne4
b6 34. Kf4 Nc5 35. Nd2 Ke6 36. Ke3 a6 37. f4 Bg2 38. Nf3 Ke7 39. h4 Bh3 40. Nd4
Nd7 41. Bb4+ Kd8 42. Nf3 Ke8 43. Ng5 Bg4 44. Kd4 Be6 45. Nxe6 fxe6 46. Ke4 g6
47. Kf3 Nb8 48. g4 Nc6 49. Bc3 Kd7 50. gxh5 gxh5 51. Ke4 Ne7 52. Be1 1/2-1/2

[Event "Landsturneringen NM i sjakk 2013"]
[Site "Radisson Blu Lillehammer Hotel"]
[Date "2013.06.29"]
[Round "9"]
[White "Myhrvold, Rune"]
[Black "Hobber, Anders"]
[Result "1-0"]
[WhiteElo "2198"]
[BlackElo "2287"]
[PlyCount "65"]
[EventDate "2013.??.??"]

1. e4 e6 2. d4 d5 3. e5 c5 4. c3 Nc6 5. Nf3 Bd7 6. Be2 f6 7. O-O fxe5 8. dxe5
Qc7 9. c4 d4 10. Re1 O-O-O 11. Bd3 Nh6 12. a3 Be7 13. b4 cxb4 14. Nbd2 Be8 15.
axb4 Bxb4 16. Ba3 Bxa3 17. Rxa3 Bh5 18. Be4 Nf7 19. Bxc6 Qxc6 20. Qa1 Bxf3 21.
Rxf3 Nh6 22. Qxa7 Kc7 23. Ne4 Ra8 24. Qxd4 Nf5 25. Rxf5 exf5 26. Nd6 b6 27.
Nb5+ Kb7 28. e6 Rhg8 29. e7 g6 30. Qe5 Qd7 31. Nd6+ Kc6 32. Qd5+ Kc7 33. Nb5+
1-0

[Event "Landsturneringen NM i sjakk 2013"]
[Site "Radisson Blu Lillehammer Hotel"]
[Date "2013.06.29"]
[Round "9"]
[White "Laverton, Christian"]
[Black "Lillevold, Frode"]
[Result "0-1"]
[WhiteElo "2001"]
[BlackElo "2067"]
[PlyCount "82"]
[EventDate "2013.??.??"]

1. d4 d5 2. Nf3 Nf6 3. c4 e6 4. g3 Be7 5. Bg2 O-O 6. O-O dxc4 7. Qc2 a6 8. Qxc4
b5 9. Qc2 Bb7 10. Bf4 Nc6 11. Rd1 Nb4 12. Qc1 Nbd5 13. Ne5 Nxf4 14. gxf4 Bxg2
15. Kxg2 Qd5+ 16. f3 c5 17. Nc3 Qd6 18. Qe3 cxd4 19. Rxd4 Qb6 20. Qd3 Rad8 21.
Rd1 Rxd4 22. Qxd4 Bc5 23. Qd3 Nh5 24. Qe4 f5 25. Qc6 Nxf4+ 26. Kf1 Qxc6 27.
Nxc6 Rc8 28. Ne5 b4 29. Na4 Be7 30. e3 Nd5 31. Ke2 Rc2+ 32. Kd3 Rxh2 33. Rc1 h5
34. Rc8+ Kh7 35. Rc6 h4 36. Rxe6 h3 37. Rc6 Rg2 38. Rc1 h2 39. Rh1 g5 40. e4
Bd6 41. Nc4 Rg1 0-1

[Event "Landsturneringen NM i sjakk 2013"]
[Site "Radisson Blu Lillehammer Hotel"]
[Date "2013.06.29"]
[Round "9"]
[White "Thingstad, Even"]
[Black "Olsen, Anders"]
[Result "1-0"]
[WhiteElo "2277"]
[BlackElo "1948"]
[PlyCount "59"]
[EventDate "2013.??.??"]

1. d4 Nf6 2. c4 e6 3. Nc3 Bb4 4. e3 c5 5. Nge2 cxd4 6. exd4 O-O 7. a3 Be7 8.
Nf4 d5 9. cxd5 exd5 10. Be2 Bf5 11. O-O Nc6 12. Be3 Qd7 13. b4 Rfd8 14. Qb3 Bd6
15. Rfd1 Ne7 16. Rac1 a6 17. Na4 Rac8 18. Nb6 Rxc1 19. Nxd7 Rxd1+ 20. Qxd1 Rxd7
21. g4 Bg6 22. h4 Rc7 23. Nxg6 Nxg6 24. Qb3 Ne4 25. Qxd5 Nc3 26. Qxd6 Nxe2+ 27.
Kf1 Rc2 28. Qb8+ Nf8 29. d5 f6 30. Bc5 1-0

[Event "Landsturneringen NM i sjakk 2013"]
[Site "Radisson Blu Lillehammer Hotel"]
[Date "2013.06.29"]
[Round "9"]
[White "Lindsøe, Fredrik Aunan"]
[Black "Grønnestad, Anita"]
[Result "1-0"]
[WhiteElo "2008"]
[BlackElo "1895"]
[PlyCount "105"]
[EventDate "2013.??.??"]

1. Nf3 d5 2. d4 Nf6 3. c4 e6 4. g3 Be7 5. Bg2 c6 6. O-O O-O 7. Nc3 Nbd7 8. a4
a5 9. Qc2 Re8 10. Rd1 b6 11. Ne5 Nxe5 12. dxe5 Nd7 13. cxd5 cxd5 14. e4 d4 15.
Nb5 Bc5 16. Nxd4 Qc7 17. Nb5 Qb8 18. Bg5 h6 19. Be3 Bxe3 20. Nc7 Bxf2+ 21. Kxf2
Rf8 22. Nxa8 Qxa8 23. Qc7 Nc5 24. Rd8 Rxd8 25. Qxd8+ Kh7 26. Qxb6 Nd3+ 27. Kg1
Ba6 28. Ra3 Nxe5 29. Rc3 Bb7 30. Qd4 f6 31. Rc7 Qa6 32. h3 Bc6 33. b3 Qe2 34.
Qf2 Qd1+ 35. Kh2 Qh5 36. Qf4 Bd7 37. g4 Qh4 38. Ra7 Qe1 39. Rc7 Qe2 40. Rc3 Qb2
41. Qc1 Qe2 42. Qe3 Qd1 43. Rc1 Qd6 44. Kg1 Qa3 45. Qc3 Nc6 46. Bf1 Qd6 47. Bb5
Nd4 48. Qc7 Qa3 49. Bxd7 Ne2+ 50. Kf1 Nxc1 51. Bxe6 Nd3 52. Bf5+ Kg8 53. Qd8+
1-0

[Event "Landsturneringen NM i sjakk 2013"]
[Site "Radisson Blu Lillehammer Hotel"]
[Date "2013.06.29"]
[Round "9"]
[White "Christiansen, Johan-Sebastian"]
[Black "Fossan, Petter"]
[Result "1/2-1/2"]
[WhiteElo "2089"]
[BlackElo "2168"]
[PlyCount "51"]
[EventDate "2013.??.??"]

1. c4 c5 2. Nc3 Nc6 3. g3 g6 4. Bg2 Bg7 5. Nf3 e5 6. O-O Nge7 7. a3 a5 8. Ne1
d6 9. Nc2 Be6 10. Ne3 O-O 11. Rb1 Rb8 12. Ned5 h6 13. d3 Kh7 14. Bd2 f5 15. b4
axb4 16. axb4 Nxb4 17. Nxb4 cxb4 18. Nd5 Nxd5 19. cxd5 Bd7 20. Bxb4 Be8 21. Qb3
Rf7 22. Rfc1 Bf8 23. Rc3 Rc7 24. Rbc1 Rxc3 25. Qxc3 Kg8 26. Qb2 1/2-1/2